| 000 | 01980nam0a2200385 i 4500 | ||
|---|---|---|---|
| 001 | RU\NLR\BIBL_A\010410988 | ||
| 005 | 20241101184440.0 | ||
| 010 |
_a9785915591485 _9500 |
||
| 035 | _a(NILC)LIBNET\0000368571 | ||
| 035 | _a(NLR Aleph) 010410988 | ||
| 090 |
_a9757674 _c9757674 |
||
| 100 | _a20140701d2013 u y0rusy50 ca | ||
| 101 | 0 | _arus | |
| 102 | _aRU | ||
| 105 | _ay|||j||||00yy | ||
| 200 | 1 |
_aОсновы радиационной и химической безопасности _f[учебное пособие] _fИ. М. Ободовский |
|
| 210 |
_aДолгопрудный _cИнтеллект _d2013 |
||
| 215 |
_a300 с. _cил. _d21 |
||
| 320 | _aБиблиогр. в конце кн. | ||
| 606 | 1 |
_aРадиационные аварии _jУчебные издания _xЗащита населения _92246453 _3RU\NLR\auth\661347697 |
|
| 606 | 1 |
_aРадиационные аварии _jУчебные издания _xЗащита территорий _92480241 _3RU\NLR\auth\661472412 |
|
| 606 | 1 |
_aХимические заводы _jУчебные издания _xАварии _xЗащита населения _92566787 _3RU\NLR\auth\661518054 |
|
| 606 | 1 |
_aХимические заводы _jУчебные издания _xАварии _xЗащита территорий _92624818 _3RU\NLR\auth\661561378 |
|
| 606 | 1 |
_aИонизирующее излучение _jУчебные издания _xВлияние на организм _91387334 _3RU\NLR\AUTH\66582867 |
|
| 606 |
_aХимические вещества _jУчебные издания _xВлияние на организм _9936138 _3RU\NLR\AUTH\6626962 |
||
| 686 | 1 | _aЦ69,6(2Р)0-52я7-1 | |
| 686 | 1 | _aР368я7 | |
| 686 | 1 | _aР284.2я7 | |
| 686 | 1 | _aР120.12я7 | |
| 700 | 1 |
_aОбодовский _bИ. М. _gИлья Михайлович |
|
| 801 | 0 |
_aRU _bРязанская ОУНБ _c20130828 _grcr |
|
| 942 | _cBOOK | ||
| 980 | _aNBR | ||